[Event "Hoogeveen Unive Crown 16th"]
[Site "Hoogeveen"]
[Date "2012.10.21"]
[Round "1"]
[White "Nakamura, Hikaru"]
[Black "Giri, Anish"]
[Result "1-0"]
[WhiteElo "2775"]
[BlackElo "2693"]
[Annotator "Safarli,E"]
[PlyCount "127"]
[EventDate "2012.10.21"]
[EventType "tourn"]
[EventRounds "6"]
[EventCountry "NED"]
[EventCategory "18"]
[SourceTitle "CBM 151"]
[Source "ChessBase"]
[SourceDate "2012.11.13"]
[SourceVersion "1"]
[SourceVersionDate "2012.11.13"]
[SourceQuality "1"]

1. e4 e5 2. Nf3 Nc6 3. Bb5 Nf6 4. O-O Nxe4 5. Re1 Nd6 6. Nxe5 Be7 7. Bf1 Nxe5
8. Rxe5 O-O 9. d4 Bf6 10. Re1 Re8 11. c3 {White chooses a solid continuation.
Recently 11.Bf4 has become extremely popular.} (11. Bf4 $5 Rxe1 12. Qxe1 Ne8
13. Nc3 Bxd4 14. Nd5 c6 $5 15. Ne7+ Kf8 16. Nxc8 Qf6 17. Qb4+ c5 18. Qd2 Rxc8
19. c3 Be5 20. Bxe5 Qxe5 21. Qxd7 Qc7 22. Rd1 Qxd7 23. Rxd7 Rc7 24. Rxc7 Nxc7
25. Bd3 h6 26. f4 Ne8 27. Kf2 Nd6 28. Ke3 Ke7 29. g3 b6 30. Be2 Ke6 31. Bg4+
Ke7 32. Be2 Ke6 33. Bg4+ Ke7 34. Be2 {1/2-1/2 Kasimdzhanov,R (2684)-Leko,P 
(2737) London ENG 2012}) 11... Rxe1 12. Qxe1 Nf5 (12... Qe8 13. Qxe8+ Nxe8 14.
Bf4 {is just very slightly better for White.}) 13. Bf4 c6 ({Of course not} 
13... d5 $4 {and White wins.}) 14. a4 $5 {is interesting. White wants to gain
more space on the queenside.} (14. Nd2 d5 15. Bd3) 14... a5 {Black is
weakening his pawn structure. It looks a bit dubious to me because a4-a5 was
not dangerous for Black. I like 14...d5. For example :} (14... d5 15. a5 (15.
Nd2 Nh4) 15... Nh4 16. Nd2 Bf5 17. Nb3 h6 18. Nc5 b6 19. axb6 axb6 20. Nb7 Qf8)
15. Bc7 $5 Qf8 16. Bd3 (16. Nd2 d5 17. Nb3 Bd8 $1 $11) 16... d5 17. Bb6 (17.
Nd2 {was probably better. White's idea is just to bring his rook into the game
after Qe2, Re1 and probably Nf3 or Nb3 with a normal position where White
stands slightly better.} Nh4 ({Black doesn't have} 17... Nd6 $4 {17...Nd6 as
in the game because of} 18. Bxd6 Qxd6 19. Qe8+ Qf8 20. Bxh7+ $1 $18) (17... Bd7
18. Nb3 Bd8 19. Bxd8 Qxd8 20. Nc5 b6 21. Nxd7 Qxd7 22. Qb1 $5) 18. Qe2 Bf5 19.
Bxf5 Nxf5 20. Re1 $14) 17... Nd6 18. Nd2 Be6 ({After} 18... Bf5 {White has
some initiative:} 19. Bxf5 Nxf5 20. Nb3 Bd8 21. Bc5 Be7 22. Qe5 $5) 19. Qb1 $5
{An interesting try.} (19. Nb3 Bd8 20. Bxd8 Qxd8 21. Nc5 Bc8 {followed by ...
b6 with an equal position}) 19... g6 20. b4 axb4 21. Qxb4 Bf5 22. Bc5 {At
first glance I thought White could take advantage of Black's weaknesses, but
now it looks like Black can hold the position.} (22. Bxf5 Nxf5 23. Bc5 Qc8 24.
Rb1 Kg7 $11) 22... Bxd3 23. Bxd6 Qe8 $5 (23... Qc8 24. Nb3 (24. Re1 Qd7 25. Nf3
Ba6 {followed by ...Re8 with equality}) 24... Qd7 25. Nc5 Qxd6 26. Qxb7 Rb8 27.
Qd7 Qf4 28. Nxd3 Qd2 29. Qd6 Rb3 30. Qxf6 Qxd3 $11) 24. Nf3 ({Now} 24. Nb3 $6 {
is not so good because of} b6 $1 $15 25. h3 (25. Qxb6 Rxa4 $1)) (24. Qxb7 Rxa4
25. Qb2 Rxa1+ 26. Qxa1 Bb5 $15 {/=}) 24... Ba6 25. Be5 Be7 {It seems soon the
game will end in a draw by repetition.} (25... Bd8 $5 26. Re1 Qd7 27. Bf4 (27.
Bd6 Bf6 28. Be7 Bg7 29. Ne5 Qf5) 27... Bf6 28. Qb1 Re8 29. Ne5 $11) 26. Bd6 Bf6
27. Re1 {Nakamura thought for a while and played Re1. He actually thinks that
he can play on. Well, the position was balanced, so now let's just see what
happens next.} Qd7 28. Be7 Bg7 29. Ne5 Qf5 $6 ({I think that after} 29... Qe6
$1 {Black wouldn't face any problems. It looks very strong - the black queen
controls the d6-square and will be playing ...Re8 next.} 30. Nf3 (30. Nd3 Qf5 (
30... Qd7 $6 31. Nc5 $1) 31. Nc5 Re8 32. g3 (32. Nxa6 bxa6) 32... Bf6 33. Nxa6
bxa6 34. Re3 $11) 30... Qd7 31. Ne5 Qe6 $11) 30. Qd6 $1 {Now White has a small
initiative.} (30. h3 f6 31. Ng4 (31. g4 Qc8 32. Nf3 Qd7 33. Qd6 Rd8 34. Qxd7
Rxd7) 31... h5 32. Ne3 Qd7) 30... Re8 (30... h6 31. h3 (31. Bd8 $5)) (30... f6
$4 31. g4) (30... Qe6 31. Qxe6 fxe6 32. Nd7) 31. h3 Qe6 {Black chooses a
passive defence in the endgame. It's probably a reasonable decision, since he
stands slightly weaker. However, the position is still quite defensible.} 32.
Qxe6 fxe6 $14 33. Bc5 (33. Bb4 {was better.}) 33... g5 $6 {I don't like this
move. It creates new weaknesses and also in the future White may play g4, Kg2,
Kg3, h4 or f4.} ({Probably it was better to take on e5:} 33... Bxe5 {But
anyway, playing a position like this with Black is quite tough} 34. Rxe5 Kf7
35. f3 Bc4 36. a5 $14) 34. Bb4 $5 (34. g4) 34... h6 35. Nd7 $1 Kf7 36. Re3 $1
Kg6 37. Bd6 $1 $16 h5 38. Nc5 Bf6 39. g4 ({It was possible just to take the
pawn, but White chose to play 39.g4 and slowly strengthen the position after
Kg2-Kg3 etc.} 39. Nxe6 h4 $5) 39... hxg4 40. hxg4 Kf7 41. Kg2 Ra8 42. a5 Re8
43. Re1 $6 {This move doesn't cost the advantage, but I think just 43.Kg3
would be better.} ({Black can't take the a5-pawn, for example} 43. Kg3 Bd8 44.
Rf3+ Kg7 (44... Kg8 45. Nxe6 $1) 45. Nd7 $1 Be2 (45... Bxa5 46. Be5+ Kh6 47.
Rf6+ Kh7 48. Nf8+ Kg8 49. Nxe6) 46. Be5+ Kg8 47. Re3 Bb5 48. Nf6+ Bxf6 49. Bxf6
Ra8 50. Bxg5 $18) (43. Bc7 $5 $16) 43... Bd8 $1 44. Ra1 (44. Rb1 Bxa5 45. Nxb7
Bxc3) 44... Rh8 45. Be5 Rh7 46. Bd6 Rh8 47. f3 Rh6 48. Be5 $6 (48. Rb1 Bxa5 49.
Rb3 $1 $16) 48... Rh7 49. Kg3 Rh6 $2 ({Anish didn't take his last chance. Most
probably after} 49... Be7 $1 {it was a draw.} 50. Nxb7 (50. Nxa6 bxa6 51. c4 (
51. Rb1 Bd8 $1 52. Rb7+ Kg6) 51... dxc4 52. Rc1 Bd8 53. Rxc4 Bxa5 54. Rxc6 Be1+
$1 55. Kg2 a5) 50... Bxb7 51. a6 Bxa6 52. Rxa6 c5 53. Ra7 Kg6) 50. Rb1 Bxa5 51.
Nxb7 Bxb7 (51... Bxc3 52. Nd6+ Ke7 53. Rb6 $1) 52. Rxb7+ Ke8 53. Rg7 $1 Bd8 (
53... Bxc3 54. Rxg5 Rh1 55. Rg6 Kf7 56. Rg7+ Ke8 57. Rc7 $18) 54. Kg2 $6 {
This is just a waste of time. After 54.Rg8 White could easily win.} (54. Rg8+
$1 Kd7 55. f4 gxf4+ 56. Bxf4 Rh1 57. Kg2 Rb1 58. g5 $18) 54... Be7 55. Rg8+ Kd7
56. Ra8 c5 {After White's inaccuracy on the 54th move, Black has chances to
survive again.} 57. Rg8 cxd4 58. cxd4 Rh7 59. f4 gxf4 $2 {In time trouble both
players took turns making mistakes.} (59... Rh4 $1 60. Kg3 (60. Kf3 Rh3+ $1 61.
Kf2 gxf4 62. g5 Bd6 63. Bf6 Rg3 64. g6 e5 $1) 60... gxf4+ 61. Kxf4 Rh1 62. g5
Bd6 63. Rg7+ Kc6 64. g6 Rg1 65. Rg8 Kd7 {with a draw.}) 60. g5 Bd6 (60... f3+
61. Kxf3 Rh3+ 62. Kf4 Bd6 63. Rg7+ Kc6 64. g6 $18) 61. Bf6 (61. g6 Rh6 62. Rg7+
Kc6 63. Kf3 Rh1 64. Rg8 Bxe5 65. dxe5 Rg1 66. g7 (66. Kxf4 Kc5) 66... Kb7 67.
Kxf4 d4 68. Ke4 Rg4+ 69. Kd3 Ka7 $11) 61... Be7 (61... Rf7 62. Kf3) ({Black
had good chances to save the game after} 61... f3+ $1 62. Kxf3 Rh4 $1 63. Ra8
Rf4+ 64. Kg2 Rh4 (64... Rf5 65. Ra7+ Ke8 66. Kh3) 65. Rd8+ Kc7 66. Rg8 Rf4 67.
Bh8 $5 {However, I am not sure if it's a draw} Rg4+ 68. Kh3 Rg3+ 69. Kh4) 62.
g6 f3+ 63. Kxf3 Rh5 (63... Rh3+ 64. Kg4 Bxf6 65. Kxh3 Ke7 66. Kg4 $1 Bxd4 67.
Kh5 $18) 64. Be5 1-0

[Event "Biel Suri Memorial"]
[Site "Biel"]
[Date "2014.07.18"]
[Round "5"]
[White "Vachier Lagrave, Maxime"]
[Black "Giri, Anish"]
[Result "1-0"]
[WhiteElo "2766"]
[BlackElo "2750"]
[Annotator "Sagar Shah"]
[PlyCount "122"]
[EventDate "2014.07.14"]
[EventType "tourn"]
[EventRounds "10"]
[EventCountry "SUI"]
[EventCategory "19"]
[SourceTitle "CBM 162"]
[Source "ChessBase"]
[SourceDate "2014.09.17"]
[SourceVersion "1"]
[SourceVersionDate "2014.09.17"]
[SourceQuality "1"]

1. e4 e5 2. Nf3 Nc6 3. Bb5 Nf6 {This move has been one of the biggest
headaches that White is facing against 1...e5. Should he go in for the Berlin
endgame or not? Maxime Vachier Lagrave decides not to go into that territory.}
4. O-O Nxe4 5. Re1 {This takes the game into a very dull and dry symmetrical
position but MVL had an idea prepared there.} (5. d4 Nd6 6. Bxc6 dxc6 7. dxe5
Nf5 8. Qxd8+ Kxd8 {is the Berlin Endgame.}) 5... Nd6 6. Nxe5 Be7 7. Bf1 Nxe5 8.
Rxe5 O-O {The pawn structure is symmetrical and usually the games end in draws.
In fact Carlsen used this opening with White when he was already leading in
the match against Anand in 2013 and the players reached a king and pawn
endgame in just 28 moves.} 9. Nc3 {In this drawish line, this can be the most
ambitious move, as White gets the bishop pair here.} (9. d4 {is the main move
in this position. Play usually continues in the following way.} Bf6 10. Re1 Nf5
11. c3 d5 12. Bf4 c6 $11 {When the position is totally symmetrical and nothing
much is happening.}) 9... Ne8 (9... c6 $6 {preventing Nd5 is not so good.} 10.
d4 Ne8 {is too slow.} (10... Bf6 11. Re1 Nf5 12. d5 $14 {White has a nice edge.
}) 11. d5 $1 $14) 10. Nd5 Bd6 11. Re2 $5 $146 {This novelty looks surprising
but does have some thought put into it. The rook on a1 has absolutely nothing
to do on that square and the only open file in this position is the e-file.
Hence it makes sense to retreat the rook to e2 and keep a place for the
a1-rook to come to e1. This doesn't change the objective evaluation of the
position. It is still equal. But MVL had seen this position at home and Giri
most probably hadn't. That's a small psychological edge for White. After this
game was played on 18th July, this novelty was tried twice by two strong
players within two months.} ({The most common way to play for White was} 11.
Re1 c6 12. Ne3 Bc7 13. Nf5 d5 14. Ne7+ Kh8 15. Nxc8 Rxc8 16. d3 f5 {with play
similar to the game, just that the rook is on e1 instead of e2.}) 11... c6 (
11... Nf6 {is the other way to play and the Black player equalised easily:} 12.
Ne3 Re8 13. d4 Bf8 14. Nc4 d5 15. Ne5 Ne4 16. f3 Nd6 17. Bf4 Be6 18. Qd2 c6 19.
b3 Qb6 20. Bg3 Nf5 21. Bf2 c5 22. c3 cxd4 23. cxd4 Bb4 24. Qb2 Rac8 25. Rd1 Bc3
26. Qb1 Nxd4 27. Re3 Nb5 28. a4 d4 29. Re4 Na3 30. Qc1 Qxb3 31. Bd3 Bf5 32. Rh4
Rxe5 {0-1 (32) Motylev,A (2686)-Fedoseev,V (2677) Moscow RUS 2014}) 12. Ne3 Bc7
13. Nf5 d5 14. Ne7+ Kh8 15. Nxc8 {The knight makes six moves to capture a
bishop which hasn't moved even once. This helps Black to finish his
development but White gets the long term edge of the bishop pair.} Rxc8 16. d3
{This move keeps the e4-square under control.} (16. d4 Nd6 {[%cal Gd6e4]})
16... f5 {The f-pawn can be used as a way to launch a kingside attack with
f5-f4-f3.} (16... Nd6 17. c3 Qf6 18. Qa4 a6 19. Be3 Rce8 20. Rae1 $14 {The
advantage of keeping the rook on e2.}) 17. g3 Qf6 (17... f4 {would have helped
White to activate the light-squared bishop.} 18. Bh3) 18. Bd2 Nd6 (18... Qxb2
19. Rb1 Qxa2 20. Bb4 $1 (20. Rxb7 $44) 20... Rf7 21. Ra1 Qb2 22. c3 $18) 19.
Bc3 $1 {Forcing Black to put one of his pawns on the same colour as his bishop
on c7. In this way the bishop will be hampered in the endgame by its own pawns.
} d4 $6 (19... Qf7 20. Qd2 (20. Be5 Rce8 21. Qd2 $6 Ne4 $11) 20... Nb5 21. Rae1
Nxc3 22. Qxc3 $11 {should be equal.}) 20. Bd2 Nf7 {Giri looks to activate his
knight via g5 or e5 but MVL stops it with his next move.} 21. f4 $1 {Not only
stopping the black knight but also making some room for the white king. After
Bg2 and Qf1, White intends to double his rooks on the e-file.} Rce8 22. Bg2 Nd6
23. a3 {What could be the point of this move on the side of the board? I think
MVL must have thought of the following variation.} (23. Qf1 Rxe2 24. Qxe2 Re8
25. Qf2 Qe6 {Now the rook cannot come to e1 because the a2-pawn is hanging.
But the invasion on e2 can be prevented by means of} 26. Bf3 {The pawn on a2
however has to be moved if the rook wants to participate in the game and hence
it was a good decision by MVL to play the move a3 directly.}) 23... Bb6 (23...
Rxe2 24. Qxe2 Re8 25. Qf2 Qe6 26. Re1 {White is a tempo up compared to the
above variation because he did not waste time on moving the queen to f1.} Qa2
27. Bb4 $1 $16) 24. Rxe8 Rxe8 25. Qf1 Kg8 26. Re1 Re6 27. a4 $1 {White
snatches more space on the queenside and aims to get in a5 followed by b4.} a6
28. Bf3 $1 {[%csl Gd2,Gf3][%cal Rd2e3,Rd2e1,Rf3e2] After the eventual exchange
of the rooks, the white queen can wander away now because all the points of
entry on the e-file are defended by the white bishops.} g6 29. Kg2 {Improving
the position of the king.} Kf7 30. Rxe6 Qxe6 {White has a few trumps in this
endgame.  1. He has the bishop pair.  2. He has more space on the queenside
thanks to his pawn on a4 and can grab even further space with b4. 3. The black
knight does not have any good outposts in the position.  4. The d4-pawn can
become a weakness in the future.  White's advantage might not be too huge but
it is stable and good enough to press for a few moves.} 31. Qa1 Bc5 $6 {
This move looked pretty pointless to me. It was definitely better to transfer
the bishop to another diagonal.} (31... Bd8 $5 32. b4 Bf6 {When the bishop
looks more useful than it was on b6.}) 32. b4 Bb6 33. Be1 $1 {Transferring his
bishop to f2 from where it can attack the d4-pawn.} Nc8 {Black has to make
some arrangements to meet the threat on the d4-pawn with Bf2. At the same time
if his bishop on b6 is undefended then c3 can be quite irritating. Nc8 defends
the Bb6.} 34. Bf2 Qd7 (34... Qd6 35. b5 axb5 36. axb5 cxb5 37. Bxb7 $14) 35. h3
$1 {I like how MVL tries to keep his options open and threatens to play on
both sides of the board. He could have gone b5 directly but that would have
been one weakness less to worry about for Black.} h5 {This makes the g6-pawn a
little weak but g4 had to be stopped.} 36. b5 $1 {The queen now invades the
black position after this break.} axb5 (36... cxb5 37. axb5 Qxb5 38. Bxb7 a5 $5
39. Bf3 $14 {With the double bishops and the queen, White can launch an attack
on the black king. But the a-pawn must not be underestimated. It is definitely
more potent than the b-pawn that was left in the game.} (39. Bxc8 $2 Qc6+ $11))
37. axb5 cxb5 38. Qa8 Bc5 (38... Nd6 {trying to save the b7-pawn is badly
refuted with} 39. Bd5+ Ke7 40. Qg8 $18 {with a decisive attack.}) 39. Bxb7 (39.
Qxb7 Qxb7 40. Bxb7 Nd6 {This endgame is also promising for White but now the
black king feels much safer and the drawing chances are much higher.}) 39...
Nb6 (39... Nd6 40. Bd5+ $18) 40. Qa2+ Kg7 (40... Qe6 41. Qa5 {is similar to
the game.}) 41. Qa6 b4 42. Bf3 {The b4- and the d4-pawns are quite weak but
Black is clinging on. The next thing on the agenda is to now open a second
front keeping in mind the principle of two weaknesses with the move g4.} Kf8
43. Qa5 Qe7 44. Kf1 Kf7 45. Kg2 {Just probing a bit and trying to wear the
opponent down by repeating the position. This was a favourite mechanism of
Karpov in winning positions.} Kf8 46. g4 $1 hxg4 47. hxg4 fxg4 $6 ({Maybe it
was better to keep the pawn structure symmetrical and after} 47... Qd6 48. gxf5
gxf5 49. Bh4 {Black will have to worry about his king. In the game Giri tried
to retain the g6-pawn, which gave more protection to the black king but
weakened the e4-square.}) 48. Bxg4 Qc7 49. Bf3 Kg7 50. Qb5 Nc8 51. Qc4 {
Threatens the d4-pawn.} Qb6 (51... Qd6 $14 {preventing the queen invasion was
more tenacious.}) 52. Qd5 {Now the combination of White's queen threatening to
check on e5 followed by the bishop coming to d5 or Bh4 will be extremely
dangerous. Hence Giri, goes for the queen exchange but it leads to a lost
endgame.} Qd6 53. Qe5+ (53. Qxd6 $2 Nxd6 $14) 53... Qxe5 (53... Kh7 54. Qe8 $18
) 54. fxe5 {In spite of the paucity of material, this position is very
difficult for Black to hold. First of all, the e5-pawn does a fantastic job of
stopping the black king from coming to f6. Secondly, the knight too is robbed
of a nice square on d6. Now, we can witness the power of White's unopposed
bishop.} Na7 {The knight threatens to go to a3 via b5 and attack the weak
c2-pawn.} 55. Bd5 $6 (55. Bh4 {was stronger.} Nb5 56. Bf6+ Kf8 57. Bd5 Na3 58.
Bb3 $18) 55... Nb5 $2 (55... g5 $5 {was much better preventing the bishop from
being activated via h4.} 56. Kf3 Nb5 {[%cal Gb5c3]} 57. Kg4 Nc3 58. Bf3 Kg6 {
White is better but Black can hold.}) 56. Bh4 {Now things are back on track.}
g5 (56... Nc3 57. Bf6+ Kh6 58. Bb3 Nd1 59. e6 Ne3+ 60. Kf3 Nf5 61. Ke4 $18) 57.
Bxg5 Kg6 58. Bd8 Kf5 59. e6 Na3 (59... Nd6 60. e7 Kg6 61. Kf3 Kg7 62. Kf4 {
The white king entering on e5 will end the game.}) 60. Bb3 Nxc2 61. Bxc2 Kxe6 {
It is futile to continue here. White's king will make its way up to e4 and
then the black pawns will fall. A beautiful game by MVL. A nice little novelty
in the opening followed by some Capablanca like endgame play earned him the
full point.} 1-0

[Event "Shenzhen Du Te Cup 3rd"]
[Site "Shenzhen"]
[Date "2019.04.23"]
[Round "6"]
[White "Harikrishna, Pentala"]
[Black "Jakovenko, Dmitrij"]
[Result "1-0"]
[WhiteElo "2723"]
[BlackElo "2719"]
[Annotator "Sagar Shah"]
[PlyCount "87"]
[EventDate "2019.04.17"]
[EventType "tourn"]
[EventRounds "10"]
[EventCountry "CHN"]
[EventCategory "21"]
[SourceTitle "CBM 190"]
[Source "ChessBase"]
[SourceDate "2019.06.30"]
[SourceVersion "1"]
[SourceVersionDate "2019.06.30"]
[SourceQuality "1"]

{[%evp 0,87,69,4,89,-8,56,9,37,36,32,17,17,19,24,4,-1,27,4,-4,-7,-7,3,7,3,17,
21,-7,-7,-25,42,48,44,41,31,35,42,44,43,7,10,10,2,0,-1,-6,35,16,36,8,40,29,64,
77,72,74,158,155,155,137,146,127,144,152,152,162,166,159,151,156,169,170,178,
192,192,175,191,196,208,168,184,216,239,156,174,177,186,176,169,165]} 1. e4 e5
2. Nf3 Nc6 3. Bb5 Nf6 4. O-O Nxe4 5. Re1 Nd6 6. Nxe5 {I have never really felt
that White can seriously try to play for a win in this symmetrical system. Of
course, I am mistaken as Harikrishna shows in the game!} Be7 7. Bf1 Nxe5 8.
Rxe5 O-O 9. d4 Bf6 10. Re1 Re8 (10... Nf5 11. c3 (11. d5 {is also very popular
now.}) 11... d5 {is another way to play.}) 11. c3 Rxe1 12. Qxe1 Ne8 13. d5 {
This had been played by Nepomniachtchi against Kramnik at the Tata Steel
Masters 2019. Before that Anish Giri had essayed it against Fabiano Caruana.}
b6 14. c4 {This is the first new move of the game.} (14. Bf4 {was
Nepomniachtchi's choice as he went on to beat Kramnik.}) 14... Qe7 $6 {This
looks logical, but it allows White to complete his development and at the same
time keep the space advantage intact.} (14... Ba6 15. Nc3 c6 {is another
possible way for Black to play.}) 15. Qxe7 Bxe7 16. Nc3 Bf6 17. Bd2 c6 18. Re1
{Somehow Harikrishna's play looks very easy.} Bb7 19. dxc6 dxc6 20. c5 $5 {
The typical Harikrishna move! For the engines it doesn't matter because such a
move doesn't change the evaluation of the position. But for humans, it matters
because it creates some kind of a tension in the position that a player has to
resolve.} Nc7 (20... bxc5 21. Na4 $16) 21. b4 Ba6 (21... Re8 22. Rxe8+ Nxe8 23.
Ne4 $14 {would also be a small edge for White.}) 22. Ne4 Be7 (22... Bd4 $11 {
was much more accurate.}) 23. Nd6 Kf8 (23... Bf8 {is once again a better
choice.}) 24. Nf5 Bxf1 $6 (24... Bf6 25. Bxa6 Nxa6 26. Bf4 bxc5 27. bxc5 g6 28.
Bd6+ Kg8 29. Ne7+ Bxe7 30. Rxe7 Nb4 31. a3 Nd5 $13) 25. Nxe7 Bc4 $6 (25... Ne6
$1 26. Nxc6 Bb5 27. Ne5 Rd8 28. Be3 bxc5 29. bxc5 f6 30. Nf3 Rd3 {Black is
close to equality.}) 26. Nxc6 Bxa2 27. Bf4 $1 Nd5 (27... Ne6 28. Bd6+ Ke8 29.
Ra1 $16) 28. Bd6+ Kg8 29. Nb8 $1 {Threatening a backrank mate.} f6 30. c6 $1 {
The c-pawn is extremely strong.} a5 31. bxa5 bxa5 32. c7 Nxc7 33. Bxc7 {
White has won a piece and the rest is just a matter of technique which
Harikrishna shows in good measure.} a4 34. Bd6 Bd5 35. Re3 Bb3 36. Re8+ Kf7 37.
Rf8+ Ke6 38. Ba3 Kd5 39. Rc8 Ke4 40. Rd8 Bc4 41. h4 Bb5 42. Kh2 Ra7 43. f3+ Ke5
44. Rd6 1-0